[Event "Bank Lviv-open 2016 (C-Open)"]
[Site "Lviv"]
[Date "2016.03.14"]
[Round "8.6"]
[White "Borisenko, Viacheslav"]
[Black "Sergeev, Vladimir"]
[Result "1-0"]
[WhiteElo "2435"]
[BlackElo "2480"]
[PlyCount "95"]
[EventDate "2016.03.14"]
[EventType "swiss (blitz)"]
[EventRounds "13"]
[EventCountry "UKR"]

1. e4 Nf6 2. e5 Nd5 3. Nc3 Nxc3 4. bxc3 d5 5. d4 c5 6. f4 Nc6 7. Nf3 e6 8. Bd3
Qc7 9. O-O Be7 10. Qe1 cxd4 11. cxd4 Nb4 12. Qg3 O-O 13. Ba3 Nxd3 14. Bxe7 Nxf4
15. Qxf4 Qxe7 16. Rab1 b6 17. c4 dxc4 18. Ng5 Bb7 19. Rbc1 b5 20. Rc3 h6 21.
Rg3 hxg5 22. Rxg5 f6 23. exf6 Rxf6 24. Qxf6 Qxf6 25. Rxf6 Bd5 26. Rfg6 Kf7 27.
Rxg7+ Kf6 28. R5g6+ Kf5 29. Kf2 Ke4 30. h4 c3 31. Rc7 Bc4 32. Ke1 Rf8 33. Rxc4
bxc4 34. Kd1 Rf2 35. h5 Kd3 36. Rg3+ Kxd4 37. h6 c2+ 38. Kc1 Rf1+ 39. Kxc2 Rh1
40. Rh3 Rg1 41. Rh2 Rf1 42. h7 Rf2+ 43. Kc1 Rf1+ 44. Kd2 c3+ 45. Ke2 Rf8 46.
h8=Q+ Rxh8 47. Rxh8 c2 48. Rc8 1-0

[Event "Bank Lviv-open 2016 (C-Open)"]
[Site "Lviv"]
[Date "2016.03.14"]
[Round "9.1"]
[White "Vorontsov, Pavlo"]
[Black "Bortnyk, Olexandr"]
[Result "1/2-1/2"]
[WhiteElo "2327"]
[BlackElo "2707"]
[PlyCount "60"]
[EventDate "2016.03.14"]
[EventType "swiss (blitz)"]
[EventRounds "13"]
[EventCountry "UKR"]

1. Nf3 b6 2. g3 Bb7 3. Bg2 g6 4. O-O Bg7 5. c4 Nf6 6. Nc3 O-O 7. b3 d6 8. Bb2
Nbd7 9. d4 Ne4 10. Qc2 Nxc3 11. Bxc3 e6 12. e4 Qe7 13. Rfe1 a5 14. e5 dxe5 15.
dxe5 Nc5 16. Rad1 Rfd8 17. Bd4 a4 18. h4 Na6 19. Bc3 Nb4 20. Bxb4 Qxb4 21. Ng5
Bxg2 22. Kxg2 h6 23. Nf3 axb3 24. axb3 Qc5 25. Qe4 Bf8 26. h5 g5 27. Nh2 Bg7
28. Ng4 Qb4 29. Rxd8+ Rxd8 30. Re3 Qc5 1/2-1/2

[Event "Bank Lviv-open 2016 (C-Open)"]
[Site "Lviv"]
[Date "2016.03.14"]
[Round "9.2"]
[White "Kovalev, Vladislav"]
[Black "Bortnyk, Mykola"]
[Result "1-0"]
[WhiteElo "2561"]
[BlackElo "2646"]
[PlyCount "97"]
[EventDate "2016.03.14"]
[EventType "swiss (blitz)"]
[EventRounds "13"]
[EventCountry "UKR"]

1. Nf3 Nf6 2. g3 g6 3. Bg2 Bg7 4. O-O O-O 5. c4 d5 6. cxd5 Nxd5 7. Nc3 Nxc3 8.
bxc3 e5 9. d4 exd4 10. cxd4 c5 11. Ba3 Na6 12. Rc1 Qa5 13. Bxc5 Nxc5 14. Rxc5
Qxa2 15. Ne5 Rd8 16. e3 Rb8 17. Nd3 b6 18. Rc7 a5 19. Ra7 Rd7 20. Rxd7 Bxd7 21.
Nf4 a4 22. Bd5 Qa3 23. Qf3 Qe7 24. h4 b5 25. h5 g5 26. Nd3 b4 27. Rc1 b3 28.
Rc7 b2 29. Nxb2 Rxb2 30. Ra7 a3 31. Rxa3 Be6 32. Ra8+ Bf8 33. Bxe6 Qxe6 34. d5
Qe5 35. h6 Rb8 36. Ra7 Be7 37. e4 Qf6 38. Qe3 Rc8 39. Qe2 Bc5 40. Ra2 Re8 41.
Qd3 g4 42. Re2 Qxh6 43. e5 Rb8 44. d6 Ra8 45. Re1 Ra2 46. Rf1 Qg5 47. Qd5 Bxf2+
48. Kg2 Bb6+ 49. Qxa2 1-0

[Event "Bank Lviv-open 2016 (C-Open)"]
[Site "Lviv"]
[Date "2016.03.14"]
[Round "9.3"]
[White "Kuzubov, Yuriy"]
[Black "Volokitin, Andrei"]
[Result "0-1"]
[WhiteElo "2676"]
[BlackElo "2590"]
[PlyCount "156"]
[EventDate "2016.03.14"]
[EventType "swiss (blitz)"]
[EventRounds "13"]
[EventCountry "UKR"]

1. d4 Nf6 2. Bg5 e6 3. e3 h6 4. Bh4 c5 5. c3 Be7 6. Nd2 d5 7. Bd3 Qb6 8. Rb1
Bd7 9. Qe2 a6 10. Ngf3 Bb5 11. dxc5 Bxd3 12. Qxd3 Qxc5 13. Bxf6 Bxf6 14. e4 Nc6
15. O-O Rd8 16. Qe2 O-O 17. Rfd1 Be7 18. Nb3 Qc4 19. Qxc4 dxc4 20. Nbd4 Nxd4
21. Nxd4 Bc5 22. Nf3 f6 23. Kf1 Kf7 24. Ke2 e5 25. a4 b5 26. axb5 axb5 27. Rxd8
Rxd8 28. Ra1 Bb6 29. Ra6 Rb8 30. Ne1 Ke7 31. Nc2 Bc5 32. f3 Kd7 33. Ne3 Bxe3
34. Kxe3 Rb7 35. h4 h5 36. g4 hxg4 37. fxg4 Ke7 38. Ra5 Kd6 39. Ra6+ Kc5 40. g5
fxg5 41. hxg5 Rd7 42. Re6 Rd3+ 43. Ke2 Rg3 44. Rxe5+ Kb6 45. Rd5 Rg2+ 46. Ke3
Rxb2 47. Rd7 Rc2 48. Rxg7 Rxc3+ 49. Ke2 b4 50. g6 Rg3 51. e5 b3 52. Rf7 Rxg6
53. Rf6+ Rxf6 54. exf6 b2 55. f7 b1=Q 56. f8=Q Qd3+ 57. Ke1 Kb5 58. Qb8+ Ka4
59. Qa7+ Kb3 60. Qb6+ Kc2 61. Qf2+ Kb1 62. Qb6+ Qb3 63. Qg6+ Qc2 64. Qb6+ Qb3
65. Qg6+ Ka2 66. Qa6+ Kb2 67. Ke2 c3 68. Qf6 Kb1 69. Qf1+ Kb2 70. Qf6 Qc4+ 71.
Ke3 Kb3 72. Qb6+ Qb4 73. Qe6+ Kb2 74. Qf6 Qc5+ 75. Kd3 Qb5+ 76. Ke3 Kb3 77.
Qe6+ Ka3 78. Qd6+ Qb4 {Time White Zero} 0-1

[Event "Bank Lviv-open 2016 (C-Open)"]
[Site "Lviv"]
[Date "2016.03.14"]
[Round "9.4"]
[White "Shkuran, Daniil"]
[Black "Skliarov, Viktor"]
[Result "1/2-1/2"]
[WhiteElo "2429"]
[BlackElo "2446"]
[PlyCount "123"]
[EventDate "2016.03.14"]
[EventType "swiss (blitz)"]
[EventRounds "13"]
[EventCountry "UKR"]

1. Nf3 Nf6 2. g3 b5 3. Bg2 Bb7 4. O-O e6 5. d3 Be7 6. c4 bxc4 7. dxc4 O-O 8.
Nc3 c5 9. b3 d6 10. Bb2 Nbd7 11. Qc2 a6 12. Rad1 Qc7 13. e4 Bc6 14. Rfe1 Qb7
15. Nd5 Bxd5 16. exd5 e5 17. Nxe5 Nxe5 18. Bxe5 Rae8 19. Bb2 Bd8 20. Bc3 Nd7
21. Bh3 Rxe1+ 22. Rxe1 Bf6 23. Bd2 Ne5 24. Kg2 Ng6 25. Bf5 Bd4 26. h4 Rd8 27.
h5 Nf8 28. Bg5 f6 29. Bd2 Qf7 30. g4 g6 31. hxg6 hxg6 32. Be6 Nxe6 33. dxe6
Qb7+ 34. f3 Kg7 35. Rh1 f5 36. Bh6+ Kf6 37. Qe2 Re8 38. g5+ Ke7 39. Qd3 Be5 40.
Re1 Kxe6 41. Kf2 Kf7 42. Re2 Bd4+ 43. Kg2 Re5 44. Rxe5 dxe5 45. Qe2 e4 46. Qd1
Qe7 47. Qe2 Qe6 48. Qd1 f4 49. Qe2 e3 50. a3 a5 51. a4 Qf5 52. Qd1 Qe6 53. Qe2
Qb6 54. Qd3 Qb4 55. Qe4 Qb6 56. Qd5+ Qe6 57. Qb7+ Qe7 58. Qd5+ Qe6 59. Qb7+ Qe7
60. Qd5+ Qe6 61. Qb7+ Qe7 62. Qd5+ 1/2-1/2

[Event "Bank Lviv-open 2016 (C-Open)"]
[Site "Lviv"]
[Date "2016.03.14"]
[Round "9.5"]
[White "Borisenko, Viacheslav"]
[Black "Vovk, Yuri"]
[Result "1-0"]
[WhiteElo "2435"]
[BlackElo "2702"]
[PlyCount "141"]
[EventDate "2016.03.14"]
[EventType "swiss (blitz)"]
[EventRounds "13"]
[EventCountry "UKR"]

1. e4 e6 2. d4 d5 3. Nc3 Bb4 4. e5 c5 5. dxc5 Ne7 6. Nf3 Nd7 7. a3 Bxc3+ 8.
bxc3 Nxc5 9. Bd3 h6 10. O-O Bd7 11. Nd4 Rc8 12. Bd2 O-O 13. Qg4 Nxd3 14. cxd3
Ng6 15. f4 Qb6 16. Kh1 Kh7 17. h4 Ne7 18. Qe2 Nf5 19. Nxf5 exf5 20. Be3 Qa6 21.
Bd4 Bb5 22. Rf3 Rce8 23. Rg3 Re6 24. h5 Qa4 25. Qb2 Rc8 26. Rb1 a6 27. Kh2 Qa5
28. Qb4 Qd8 29. Kh3 g5 30. hxg6+ fxg6 31. a4 Bc6 32. Bb6 Qe8 33. Ra1 Qf7 34.
Kh2 Rg8 35. Be3 Qe8 36. Kg1 Qd8 37. Rh3 Kg7 38. Kf2 g5 39. Rah1 g4 40. Rh5 Rf8
41. Bd4 Rf7 42. g3 Qe8 43. R1h2 Bxa4 44. Qb1 Qb5 45. Qh1 Qxd3 46. Rxh6 Qd2+ 47.
Kg1 Qe1+ 48. Kg2 Qe4+ 49. Kf2 Qxh1 50. Rh7+ Kf8 51. Rxh1 Bc6 52. Rh8+ Ke7 53.
R1h5 Kd7 54. Rg5 Re8 55. Rhh5 a5 56. Rxf5 Rxf5 57. Rxf5 a4 58. Bc5 Ra8 59. Ba3
d4 60. cxd4 Ke6 61. Rf6+ Kd5 62. Rd6+ Ke4 63. e6 Rh8 64. e7 Re8 65. f5 Kxf5 66.
d5 Bb5 67. Rb6 Bc4 68. d6 Ke6 69. Rxb7 Bd5 70. d7 Rxe7 71. Bxe7 1-0

[Event "Bank Lviv-open 2016 (C-Open)"]
[Site "Lviv"]
[Date "2016.03.14"]
[Round "9.6"]
[White "Malakhatko, Vadim"]
[Black "Neverov, Valeriy"]
[Result "1-0"]
[WhiteElo "2595"]
[BlackElo "2391"]
[PlyCount "68"]
[EventDate "2016.03.14"]
[EventType "swiss (blitz)"]
[EventRounds "13"]
[EventCountry "UKR"]

1. c4 Nf6 2. Nc3 c5 3. g3 g6 4. Bg2 Bg7 5. e3 O-O 6. Nge2 Nc6 7. O-O d6 8. a3
Bd7 9. Rb1 a5 10. d3 Qc8 11. Nf4 Re8 12. Bd2 Rb8 13. Qc2 Ne5 14. b3 Bc6 15.
Ncd5 Nxd5 16. Nxd5 b6 17. b4 axb4 18. axb4 e6 19. Nc3 Nf3+ 20. Kh1 Nxd2 21.
Qxd2 Bxg2+ 22. Kxg2 Bxc3 23. Qxc3 Qc6+ 24. Kg1 b5 25. Rfc1 cxb4 26. Qxb4 bxc4
27. Qxb8 Rxb8 28. Rxb8+ Kg7 29. Rxc4 Qf3 30. Rb1 Qe2 31. Rc3 d5 32. d4 h5 33.
h3 g5 34. Rc7 Kg6 1-0

[Event "Bank Lviv-open 2016 (C-Open)"]
[Site "Lviv"]
[Date "2016.03.14"]
[Round "10.1"]
[White "Bortnyk, Olexandr"]
[Black "Shkuran, Daniil"]
[Result "1-0"]
[WhiteElo "2707"]
[BlackElo "2429"]
[PlyCount "89"]
[EventDate "2016.03.14"]
[EventType "swiss (blitz)"]
[EventRounds "13"]
[EventCountry "UKR"]

1. d4 d5 2. Nc3 c6 3. Bf4 Nf6 4. e3 Bf5 5. f3 e6 6. g4 Bg6 7. h4 h6 8. Bd3 Bxd3
9. Qxd3 Qb6 10. O-O-O Na6 11. Nge2 Nb4 12. Qd2 c5 13. a3 cxd4 14. exd4 Nc6 15.
g5 hxg5 16. hxg5 Rxh1 17. Rxh1 Nd7 18. g6 fxg6 19. Qe3 Kf7 20. Rg1 Nf6 21. Qd3
Ne7 22. Be5 Rc8 23. Nf4 Nf5 24. Nxg6 Qa5 25. Nxf8 Rxf8 26. Kb1 Rc8 27. f4 Rxc3
28. Qxc3 Qxc3 29. bxc3 Ne4 30. Kb2 a6 31. Rh1 Ne3 32. Rh7 Nc4+ 33. Kb3 Nf6 34.
Bxf6 Kxf6 35. Rh8 Kf5 36. Rf8+ Ke4 37. Rf7 b6 38. Rxg7 Kxf4 39. Ra7 a5 40. Rc7
e5 41. dxe5 Kxe5 42. Rxc4 dxc4+ 43. Kxc4 Kd6 44. Kb5 Kc7 45. c4 1-0

[Event "Bank Lviv-open 2016 (C-Open)"]
[Site "Lviv"]
[Date "2016.03.14"]
[Round "10.2"]
[White "Volokitin, Andrei"]
[Black "Kovalev, Vladislav"]
[Result "1-0"]
[WhiteElo "2590"]
[BlackElo "2561"]
[PlyCount "69"]
[EventDate "2016.03.14"]
[EventType "swiss (blitz)"]
[EventRounds "13"]
[EventCountry "UKR"]

1. e4 e5 2. Nf3 Nc6 3. Bb5 a6 4. Bxc6 dxc6 5. O-O f6 6. d4 Bg4 7. c3 Bd6 8. Be3
Ne7 9. Nbd2 O-O 10. dxe5 fxe5 11. h3 Bh5 12. Qc2 h6 13. Nh4 Qd7 14. c4 c5 15.
b4 b6 16. bxc5 bxc5 17. Nb3 g5 18. Nf5 Nxf5 19. exf5 g4 20. Nxc5 Bxc5 21. Bxc5
Rxf5 22. Qe4 Re8 23. hxg4 Rf4 24. Qd5+ Qxd5 25. cxd5 Rxg4 26. Rac1 Bf7 27. f3
Ra4 28. Be3 Bxd5 29. Rxc7 Rxa2 30. Bxh6 Re6 31. Rb1 Re8 32. Rb6 e4 33. Rg6+ Kh8
34. Bg7+ Kh7 35. Rh6+ 1-0

[Event "Bank Lviv-open 2016 (C-Open)"]
[Site "Lviv"]
[Date "2016.03.14"]
[Round "10.3"]
[White "Vorontsov, Pavlo"]
[Black "Borisenko, Viacheslav"]
[Result "1-0"]
[WhiteElo "2327"]
[BlackElo "2435"]
[PlyCount "97"]
[EventDate "2016.03.14"]
[EventType "swiss (blitz)"]
[EventRounds "13"]
[EventCountry "UKR"]

1. Nf3 d5 2. g3 g6 3. Bg2 Bg7 4. O-O e5 5. d3 Ne7 6. c4 c6 7. Qc2 O-O 8. Bg5 f6
9. Bd2 Be6 10. Nc3 dxc4 11. dxc4 Bxc4 12. Be3 Nd7 13. Rfd1 Be6 14. Ne4 Nd5 15.
Bc5 Bf5 16. Bxf8 Qxf8 17. Nfd2 Bh6 18. Qb3 N7b6 19. Nc4 Be6 20. Nxb6 axb6 21.
Nc3 Nf4 22. Qxb6 Nxg2 23. Kxg2 Qe7 24. a3 f5 25. e3 Rf8 26. Rd3 f4 27. exf4
exf4 28. Rad1 Bg4 29. f3 Bf5 30. Rd8 fxg3 31. hxg3 Bg7 32. Rxf8+ Bxf8 33. Qd8
Qf7 34. Ne4 h5 35. Nf6+ Kg7 36. Ne8+ Kh7 37. Nd6 Bxd6 38. Qxd6 Qb3 39. Qc7+ Kh6
40. Qf4+ Kg7 41. Qe5+ Kh6 42. Rd2 Qc4 43. Qh8+ Kg5 44. Qd8+ Kh6 45. Qh8+ Kg5
46. Qd4 Qc1 47. Qf4+ Kf6 48. Rd6+ Kf7 49. Qxc1 1-0

[Event "Bank Lviv-open 2016 (C-Open)"]
[Site "Lviv"]
[Date "2016.03.14"]
[Round "10.4"]
[White "Bortnyk, Mykola"]
[Black "Mikhalsky, Vladimir"]
[Result "0-1"]
[WhiteElo "2646"]
[BlackElo "2350"]
[PlyCount "80"]
[EventDate "2016.03.14"]
[EventType "swiss (blitz)"]
[EventRounds "13"]
[EventCountry "UKR"]

1. e4 g6 2. d4 Bg7 3. Nc3 d6 4. h3 Nd7 5. Be3 e5 6. Nf3 Ngf6 7. Qd2 c6 8. Bc4
b5 9. Bb3 b4 10. Ne2 Nxe4 11. Qxb4 O-O 12. dxe5 d5 13. Bf4 c5 14. Qa3 c4 15.
Ba4 Qa5+ 16. c3 Ndc5 17. Bc6 Nd3+ 18. Kf1 Qxa3 19. bxa3 Be6 20. Bxa8 Rxa8 21.
Bg3 Bf8 22. Nfd4 Bxa3 23. Rb1 Nd2+ 24. Kg1 Nxb1 25. Kh2 Nd2 26. f3 Rb8 27. Rd1
Nb1 28. h4 Bc5 29. h5 gxh5 30. f4 Bg4 31. Rf1 Nxc3 32. Nxc3 Bxd4 33. Nxd5 c3
34. f5 c2 35. e6 Rd8 36. e7 Re8 37. Bd6 c1=Q 38. Rxc1 Nxc1 39. Nc7 Rxe7 40.
Bxe7 Be5+ 0-1

[Event "Bank Lviv-open 2016 (C-Open)"]
[Site "Lviv"]
[Date "2016.03.14"]
[Round "10.6"]
[White "Sivuk, Vitaly"]
[Black "Shevchenko, Kirill"]
[Result "0-1"]
[WhiteElo "2463"]
[BlackElo "2395"]
[PlyCount "46"]
[EventDate "2016.03.14"]
[EventType "swiss (blitz)"]
[EventRounds "13"]
[EventCountry "UKR"]

1. Nf3 Nf6 2. g3 g6 3. Bg2 Bg7 4. b3 b6 5. Bb2 Bb7 6. O-O O-O 7. c4 c5 8. Nc3
d5 9. Nxd5 Nxd5 10. Bxg7 Kxg7 11. cxd5 Bxd5 12. d4 Nd7 13. Rc1 Rc8 14. dxc5
Nxc5 15. b4 Bxf3 16. Bxf3 Ne6 17. Rxc8 Qxd1 18. Rxd1 Rxc8 19. Rd3 Kf6 20. Ra3
Rc7 21. Kg2 Nd4 22. e3 Nc2 23. Rb3 Ne1+ 0-1

[Event "Bank Lviv-open 2016 (C-Open)"]
[Site "Lviv"]
[Date "2016.03.14"]
[Round "11.1"]
[White "Shevchenko, Kirill"]
[Black "Bortnyk, Olexandr"]
[Result "1-0"]
[WhiteElo "2395"]
[BlackElo "2707"]
[PlyCount "121"]
[EventDate "2016.03.14"]
[EventType "swiss (blitz)"]
[EventRounds "13"]
[EventCountry "UKR"]

1. e4 c5 2. Nf3 Nc6 3. d4 cxd4 4. Nxd4 e6 5. Nc3 Qc7 6. Be3 Nf6 7. f4 Bb4 8.
Ndb5 Qa5 9. e5 Nd5 10. Bd2 Nxc3 11. Bxc3 Bxc3+ 12. Nxc3 O-O 13. Qd2 f6 14. exf6
Rxf6 15. O-O-O d5 16. g3 d4 17. Ne4 Qxa2 18. Nxf6+ gxf6 19. Qd3 Qa1+ 20. Kd2
Qxb2 21. Bg2 Qb4+ 22. Kc1 Bd7 23. Rhe1 Na5 24. Qxd4 Nc4 25. Qxf6 Qa3+ 26. Kb1
Rf8 27. Qd4 Qb4+ 28. Kc1 Rf5 29. Re3 Ra5 30. Rb3 Qa4 31. Rdd3 Be8 32. Kd1 Bh5+
33. g4 Bxg4+ 34. Ke1 Qa1+ 35. Kf2 Qxd4+ 36. Rxd4 b5 37. Rg3 h5 38. h3 Ra2 39.
hxg4 Rxc2+ 40. Kg1 h4 41. Rh3 b4 42. f5 Kf8 43. fxe6 Ke7 44. Rxh4 Ne3 45. Rh7+
Kxe6 46. Re4+ Kf6 47. Rxe3 a5 48. Ra7 Ra2 49. Bc6 Kg5 50. Rg7+ Kf4 51. Rf3+ Ke5
52. g5 a4 53. Bxa4 Rxa4 54. Re7+ Kd6 55. Ree3 Ra1+ 56. Rf1 Ra8 57. g6 Rg8 58.
Rg3 b3 59. Rb1 Ke5 60. Rbxb3 Kf4 61. Rbf3+ 1-0

[Event "Bank Lviv-open 2016 (C-Open)"]
[Site "Lviv"]
[Date "2016.03.14"]
[Round "11.2"]
[White "Volokitin, Andrei"]
[Black "Vorontsov, Pavlo"]
[Result "1-0"]
[WhiteElo "2590"]
[BlackElo "2327"]
[PlyCount "61"]
[EventDate "2016.03.14"]
[EventType "swiss (blitz)"]
[EventRounds "13"]
[EventCountry "UKR"]

1. e4 d5 2. exd5 Qxd5 3. Nc3 Qd6 4. d4 Nf6 5. Nf3 g6 6. g3 Bg7 7. Bg2 Qa6 8.
Ne2 O-O 9. O-O Rd8 10. Nf4 Bg4 11. h3 Bxf3 12. Qxf3 c6 13. c3 Nbd7 14. Re1 e6
15. h4 Re8 16. Nd3 Qa5 17. Bg5 h6 18. Bf4 Nd5 19. Bd6 h5 20. c4 N5f6 21. Ne5
Nxe5 22. dxe5 Nd7 23. Qf4 Bf8 24. c5 Qb5 25. b4 a5 26. a3 axb4 27. axb4 Bxd6
28. exd6 b6 29. Bf1 e5 30. Qd2 Rxa1 31. Rxa1 1-0

[Event "Bank Lviv-open 2016 (C-Open)"]
[Site "Lviv"]
[Date "2016.03.14"]
[Round "11.3"]
[White "Mikhalsky, Vladimir"]
[Black "Kovalev, Vladislav"]
[Result "0-1"]
[WhiteElo "2350"]
[BlackElo "2561"]
[PlyCount "78"]
[EventDate "2016.03.14"]
[EventType "swiss (blitz)"]
[EventRounds "13"]
[EventCountry "UKR"]

1. c4 Nf6 2. Nc3 g6 3. g3 Bg7 4. Bg2 O-O 5. b3 c5 6. Bb2 Nc6 7. e3 b6 8. d4 Bb7
9. d5 Ne5 10. f4 Neg4 11. Qe2 e6 12. h3 Nxe3 13. Qxe3 exd5 14. O-O-O d4 15. Qf2
Bxg2 16. Qxg2 dxc3 17. Bxc3 d5 18. cxd5 Re8 19. Nf3 Ne4 20. Bxg7 Kxg7 21. Ne5
Nd6 22. Qb2 f6 23. Nc6 Qd7 24. Rhe1 Nf5 25. g4 Ne3 26. Rxe3 Rxe3 27. g5 Rf8 28.
Qd2 Ree8 29. Qc3 Qf5 30. d6 Qxf4+ 31. Kb2 Qxg5 32. d7 Rd8 33. Re1 Rxd7 34. Ne7
Qd2+ 35. Qxd2 Rxd2+ 36. Kc3 Rd6 37. Kc4 Kf7 38. Kb5 Re8 39. Nf5 gxf5 0-1

[Event "Bank Lviv-open 2016 (C-Open)"]
[Site "Lviv"]
[Date "2016.03.14"]
[Round "11.4"]
[White "Kuzubov, Yuriy"]
[Black "Rakhmangulov, Andrei"]
[Result "1-0"]
[WhiteElo "2676"]
[BlackElo "2457"]
[PlyCount "75"]
[EventDate "2016.03.14"]
[EventType "swiss (blitz)"]
[EventRounds "13"]
[EventCountry "UKR"]

1. d4 Nf6 2. Bg5 Ne4 3. Bf4 d5 4. f3 Nd6 5. Nc3 c6 6. e4 dxe4 7. fxe4 g6 8. Be5
f6 9. Bg3 Bh6 10. Nf3 Be6 11. Bd3 O-O 12. O-O Nd7 13. Qe2 Qb6 14. Rab1 Bg7 15.
h3 a5 16. Kh1 a4 17. e5 Nf5 18. Bxf5 Bxf5 19. e6 Nb8 20. Nh4 Qa5 21. d5 a3 22.
Rxf5 gxf5 23. Nxf5 Kh8 24. b4 Qa6 25. Qg4 Rg8 26. Nxe7 cxd5 27. Nxg8 Kxg8 28.
Nxd5 Nc6 29. Nc7 Qa4 30. Nxa8 Qxc2 31. Re1 Ne7 32. Nb6 Qxa2 33. Qc4 Qb2 34. Nc8
Bf8 35. Nxe7+ Bxe7 36. Qc7 Qxb4 37. Qf4 a2 38. Qxb4 1-0

[Event "Bank Lviv-open 2016 (C-Open)"]
[Site "Lviv"]
[Date "2016.03.14"]
[Round "11.5"]
[White "Malakhatko, Vadim"]
[Black "Borisenko, Viacheslav"]
[Result "1-0"]
[WhiteElo "2595"]
[BlackElo "2435"]
[PlyCount "83"]
[EventDate "2016.03.14"]
[EventType "swiss (blitz)"]
[EventRounds "13"]
[EventCountry "UKR"]

1. c4 Nf6 2. Nc3 c5 3. g3 d5 4. cxd5 Nxd5 5. Bg2 Nb6 6. d3 e5 7. Be3 Nc6 8. Nf3
Be7 9. Rc1 Nd7 10. O-O O-O 11. Nd5 Bd6 12. Nd2 f5 13. Nc4 Be7 14. f4 Kh8 15.
Kh1 Rb8 16. fxe5 Ncxe5 17. Bf4 Bg5 18. Nxe5 Bxf4 19. gxf4 Nxe5 20. fxe5 Be6 21.
Nf4 Bxa2 22. b3 Qb6 23. Rc3 a5 24. Qc2 Qb4 25. Rc1 Qxf4 26. Qxa2 b6 27. e6 Qe5
28. Rc4 Qxe6 29. Bf3 Rbe8 30. Qd2 Rf6 31. d4 Rh6 32. Qf4 cxd4 33. Rxd4 Qxb3 34.
Rd7 Qe6 35. Rdc7 Rg6 36. R1c6 Qg8 37. Rxg6 hxg6 38. Rc6 Qf7 39. Rxb6 Rd8 40.
Qh4+ Kg8 41. Qxd8+ Kh7 42. Qh4+ 1-0

[Event "Bank Lviv-open 2016 (C-Open)"]
[Site "Lviv"]
[Date "2016.03.14"]
[Round "11.6"]
[White "Mischuk, Dmitry"]
[Black "Malaniuk, Vladimir P"]
[Result "1/2-1/2"]
[WhiteElo "2406"]
[BlackElo "2514"]
[PlyCount "60"]
[EventDate "2016.03.14"]
[EventType "swiss (blitz)"]
[EventRounds "13"]
[EventCountry "UKR"]

1. Nf3 f5 2. d3 Nc6 3. d4 e6 4. c4 Nf6 5. Nc3 Bb4 6. Bd2 O-O 7. e3 Qe7 8. Qc2
Bxc3 9. Bxc3 Ne4 10. Bd3 Nxc3 11. Qxc3 d6 12. O-O-O e5 13. Bc2 a5 14. a3 e4 15.
Nd2 Bd7 16. f3 exf3 17. gxf3 Rae8 18. Rde1 Qf6 19. Rhg1 f4 20. Ne4 Qh6 21. Kb1
fxe3 22. Rxe3 Re7 23. Re2 Qf4 24. Reg2 Qxf3 25. Qd2 Qf4 26. Qc3 Qf3 27. Qd2 Qf4
28. Qc3 Qf3 29. Qd2 Qf4 30. Qc3 Qf3 1/2-1/2

[Event "Bank Lviv-open 2016 (C-Open)"]
[Site "Lviv"]
[Date "2016.03.14"]
[Round "12.1"]
[White "Shevchenko, Kirill"]
[Black "Volokitin, Andrei"]
[Result "0-1"]
[WhiteElo "2395"]
[BlackElo "2590"]
[PlyCount "62"]
[EventDate "2016.03.14"]
[EventType "swiss (blitz)"]
[EventRounds "13"]
[EventCountry "UKR"]

1. e4 c5 2. Nf3 e6 3. d4 cxd4 4. Nxd4 Nc6 5. Nc3 Qc7 6. Be3 a6 7. Qd2 Nf6 8.
O-O-O Be7 9. f3 b5 10. g4 Nxd4 11. Bxd4 Bb7 12. Kb1 O-O 13. h4 b4 14. Na4 d5
15. Nb6 e5 16. Nxa8 Rxa8 17. Bg1 dxe4 18. g5 Nd5 19. fxe4 Nc3+ 20. bxc3 bxc3
21. Qd7 Rd8 22. Bh3 Rxd7 23. Rxd7 Qb8 24. Kc1 Ba3+ 25. Kd1 Bxe4 26. Ba7 Qb1+
27. Ke2 Qxc2+ 28. Ke3 Bxh1 29. Rd8+ Bf8 30. Bc5 Qd2+ 31. Rxd2 Bxc5+ 0-1

[Event "Bank Lviv-open 2016 (C-Open)"]
[Site "Lviv"]
[Date "2016.03.14"]
[Round "12.2"]
[White "Bortnyk, Olexandr"]
[Black "Kuzubov, Yuriy"]
[Result "1-0"]
[WhiteElo "2707"]
[BlackElo "2676"]
[PlyCount "67"]
[EventDate "2016.03.14"]
[EventType "swiss (blitz)"]
[EventRounds "13"]
[EventCountry "UKR"]

1. d4 Nf6 2. Nc3 d5 3. Bf4 e6 4. Nb5 Na6 5. e3 c6 6. Nc3 b6 7. Nf3 Be7 8. Ne5
Nb8 9. Bd3 Nfd7 10. Qg4 Bf6 11. h4 Qe7 12. Qg3 Bxe5 13. dxe5 f6 14. exf6 gxf6
15. Bd6 Qf7 16. O-O-O Rg8 17. Qh2 Na6 18. e4 d4 19. Ne2 e5 20. b3 Ndc5 21. f4
Nxd3+ 22. Rxd3 Bg4 23. Re1 O-O-O 24. fxe5 fxe5 25. Qxe5 Rge8 26. Qg3 Rxe4 27.
Rxd4 Rde8 28. Rxe4 Rxe4 29. Nc3 Rxe1+ 30. Qxe1 Nc7 31. Bxc7 Kxc7 32. Qe5+ Kb7
33. Ne4 c5 34. Nd6+ 1-0

[Event "Bank Lviv-open 2016 (C-Open)"]
[Site "Lviv"]
[Date "2016.03.14"]
[Round "12.3"]
[White "Kovalev, Vladislav"]
[Black "Malakhatko, Vadim"]
[Result "1-0"]
[WhiteElo "2561"]
[BlackElo "2595"]
[PlyCount "55"]
[EventDate "2016.03.14"]
[EventType "swiss (blitz)"]
[EventRounds "13"]
[EventCountry "UKR"]

1. d4 e6 2. Nc3 d5 3. Bf4 Bd6 4. e3 Nf6 5. Nf3 O-O 6. Bd3 c5 7. dxc5 Bxf4 8.
exf4 Qa5 9. O-O Qxc5 10. Ne5 Nc6 11. Qf3 Bd7 12. Rae1 Rad8 13. Qh3 Nb4 14. Ng4
Nxd3 15. Nxf6+ gxf6 16. cxd3 Kh8 17. Qh6 Qd4 18. Ne2 Qxd3 19. Qxf6+ Kg8 20. Nd4
Qg6 21. Qh4 Kh8 22. Re3 Qg7 23. Rd1 Rc8 24. h3 Rc4 25. Rg3 Rxd4 26. Re1 Rc4 27.
Rxg7 Kxg7 28. Qg5+ 1-0

[Event "Bank Lviv-open 2016 (C-Open)"]
[Site "Lviv"]
[Date "2016.03.14"]
[Round "12.4"]
[White "Vorontsov, Pavlo"]
[Black "Mikhalsky, Vladimir"]
[Result "1-0"]
[WhiteElo "2327"]
[BlackElo "2350"]
[PlyCount "109"]
[EventDate "2016.03.14"]
[EventType "swiss (blitz)"]
[EventRounds "13"]
[EventCountry "UKR"]

1. Nf3 g6 2. g3 Bg7 3. Bg2 c5 4. O-O e6 5. c3 Ne7 6. d4 Na6 7. e4 O-O 8. Re1 d6
9. Nbd2 cxd4 10. cxd4 e5 11. dxe5 dxe5 12. Nc4 Nc6 13. Bg5 f6 14. Be3 Be6 15.
Qe2 Qc7 16. Rac1 Rad8 17. a3 Nd4 18. Bxd4 exd4 19. Nce5 Qe7 20. Nd3 Kh8 21. Nd2
Qf7 22. f4 Rc8 23. Qf2 Qd7 24. Nf3 Rfd8 25. Rxc8 Qxc8 26. Rc1 Qd7 27. e5 Bf5
28. Rd1 Qa4 29. Qe2 Qb5 30. exf6 Bxf6 31. Nfe5 Kg7 32. g4 Bxd3 33. Nxd3 Re8 34.
Qf3 Re7 35. g5 Bxg5 36. fxg5 Qxg5 37. Re1 Rf7 38. Qe4 Qf6 39. Rf1 Qd6 40. Rxf7+
Kxf7 41. Qxb7+ Nc7 42. Qxa7 Kf6 43. Qc5 Qd7 44. Qe5+ Kf7 45. Qf4+ Kg8 46. b4
Ne6 47. Qe5 Nc7 48. h3 Nb5 49. Qd5+ Qxd5 50. Bxd5+ Kg7 51. a4 Nc3 52. Bc6 Kf6
53. a5 Ke7 54. a6 Kd6 55. a7 1-0

[Event "Bank Lviv-open 2016 (C-Open)"]
[Site "Lviv"]
[Date "2016.03.14"]
[Round "12.5"]
[White "Bortnyk, Mykola"]
[Black "Vetoshko, Volodymyr"]
[Result "1-0"]
[WhiteElo "2646"]
[BlackElo "2305"]
[PlyCount "101"]
[EventDate "2016.03.14"]
[EventType "swiss (blitz)"]
[EventRounds "13"]
[EventCountry "UKR"]

1. Nf3 d5 2. g3 Nf6 3. Bg2 c5 4. d4 Nc6 5. O-O e6 6. c4 dxc4 7. dxc5 Qxd1 8.
Rxd1 Bxc5 9. Nbd2 c3 10. bxc3 O-O 11. Nb3 Be7 12. c4 Bd7 13. Bb2 Rfd8 14. Ne1
Rac8 15. Rac1 b6 16. Nd3 Nb4 17. Nxb4 Bxb4 18. Bxf6 gxf6 19. Rd3 Ba4 20. Kf1
Kf8 21. g4 Ke7 22. h3 Rxd3 23. exd3 b5 24. Ke2 bxc4 25. Rxc4 Rxc4 26. dxc4 Bxb3
27. axb3 h6 28. Kd3 Bc5 29. f4 Kd6 30. Bf3 a5 31. h4 Bf2 32. h5 Bc5 33. g5 fxg5
34. fxg5 Ke7 35. gxh6 Kf6 36. Kc3 Bf8 37. h7 Kg7 38. Kd4 Kxh7 39. c5 f5 40. Kc4
Kg7 41. Be2 Kf6 42. Kb5 e5 43. c6 Bd6 44. Kxa5 Bc7+ 45. Kb5 e4 46. Kc5 f4 47.
Kd4 f3 48. Bd1 Kg5 49. Kxe4 Kxh5 50. Kf5 Kh6 51. Bxf3 1-0